<?xml version="1.0" encoding="UTF-8"?>
<record
    xmlns:xsi="http://www.w3.org/2001/XMLSchema-instance"
    xsi:schemaLocation="http://www.loc.gov/MARC21/slim http://www.loc.gov/standards/marcxml/schema/MARC21slim.xsd"
    xmlns="http://www.loc.gov/MARC21/slim">

  <leader>03432nam a2200421 a 4500</leader>
  <controlfield tag="001">0000294</controlfield>
  <controlfield tag="003">DO-SdBNP</controlfield>
  <controlfield tag="005">20180312101919.0</controlfield>
  <controlfield tag="007">0000294</controlfield>
  <controlfield tag="008">150130s2014    dr ac         000 0 spa d</controlfield>
  <datafield tag="020" ind1=" " ind2=" ">
    <subfield code="a">9789945119053 (v. 1)</subfield>
  </datafield>
  <datafield tag="020" ind1=" " ind2=" ">
    <subfield code="a">9789945119022 (v. 2)</subfield>
  </datafield>
  <datafield tag="020" ind1=" " ind2=" ">
    <subfield code="a">9789945118995 (v. 3)</subfield>
  </datafield>
  <datafield tag="040" ind1=" " ind2=" ">
    <subfield code="a">BPMSU</subfield>
    <subfield code="b">spa</subfield>
    <subfield code="c">BPMSU</subfield>
  </datafield>
  <datafield tag="092" ind1=" " ind2=" ">
    <subfield code="a">372.83</subfield>
    <subfield code="b">C238c, 1ro.       2014</subfield>
  </datafield>
  <datafield tag="100" ind1="1" ind2=" ">
    <subfield code="a">Capell&#xE1;n Almonte, Fanny</subfield>
  </datafield>
  <datafield tag="245" ind1="1" ind2="0">
    <subfield code="a">Ciencias sociales 1 :</subfield>
    <subfield code="b">educaci&#xF3;n primaria /</subfield>
    <subfield code="c"> Fanny Capell&#xE1;n Almonte ; direcci&#xF3;n editorial Claudia Llibre ; ilustraci&#xF3;n Ruddy N&#xFA;&#xF1;ez</subfield>
  </datafield>
  <datafield tag="260" ind1=" " ind2=" ">
    <subfield code="a">Santo Domingo :</subfield>
    <subfield code="b">Santillana,</subfield>
    <subfield code="c">2014.</subfield>
  </datafield>
  <datafield tag="300" ind1=" " ind2=" ">
    <subfield code="a"> v. : </subfield>
    <subfield code="b">il., retrs., mapas ; </subfield>
    <subfield code="c">29 cm.+</subfield>
    <subfield code="e">CD-ROM</subfield>
  </datafield>
  <datafield tag="490" ind1="1" ind2=" ">
    <subfield code="a">Proyecto todos juntos</subfield>
  </datafield>
  <datafield tag="500" ind1=" " ind2=" ">
    <subfield code="a">La biblioteca posee el  libro texto, gu&#xED;a y cuaderno .</subfield>
  </datafield>
  <datafield tag="500" ind1=" " ind2=" ">
    <subfield code="a">La biblioteca posee libro texto, la gu&#xED;a y cuaderno. Se utiliz&#xF3; el cutter del libro de texto para reunir los 3 volumenes  en la estantaria.</subfield>
  </datafield>
  <datafield tag="505" ind1="0" ind2=" ">
    <subfield code="g">v. 1 :</subfield>
    <subfield code="g">Bloque 1 --</subfield>
    <subfield code="t">El entorno social /</subfield>
    <subfield code="t">Mi familia y yo --</subfield>
    <subfield code="t">Mi casa y mi calle --</subfield>
    <subfield code="t">Mi escuela --</subfield>
    <subfield code="t">Mi comunidad --</subfield>
    <subfield code="g">Bloque 2 --</subfield>
    <subfield code="t">El ser humano y el entorno natural /</subfield>
    <subfield code="t">Mis necesidades b&#xE1;sicas --</subfield>
    <subfield code="t">El tiempo y el espacio --</subfield>
    <subfield code="t">El espacio natural --</subfield>
    <subfield code="t">Mi pa&#xED;s --</subfield>
    <subfield code="g">Proyecto del bloque 1--</subfield>
    <subfield code="t">La familia, la escuela y la comunidad /</subfield>
    <subfield code="t">Competencia desarrollo personal y espiritual; elabora un &#xE1;lbum familiar --</subfield>
    <subfield code="t">Competencia &#xE9;tica y ciudadana; elaborar un cartel sobre las casas de mi calle --</subfield>
    <subfield code="t">Competencia pensamiento l&#xF3;gico, cr&#xED;tico y creativo; elaborar un portal&#xE1;pices --</subfield>
    <subfield code="t">Competencia &#xE9;tica y ciudadana; un collage del paisaje natural de mi comunidad --</subfield>
    <subfield code="g">Proyecto del bloque 2 --</subfield>
    <subfield code="t">El espacio natural y social /</subfield>
    <subfield code="t">Competencia ambiental y de la salud;  un desayuno sano para compartir --</subfield>
    <subfield code="t">Competencia pensamiento l&#xF3;gico, cr&#xED;tico y creativo; una agenda para organizar mi tiempo --</subfield>
    <subfield code="t">Competencia &#xE9;tica y ciudadana ; reutilizar, reciclar y cuidar la naturaleza --</subfield>
    <subfield code="t">Competencia &#xE9;tica y ciudadana ; mural sobre la identidad dominicana /</subfield>
    <subfield code="r">Fanny Capell&#xE1;n Almonte --</subfield>
  </datafield>
  <datafield tag="505" ind1="0" ind2=" ">
    <subfield code="g">v. 2 : </subfield>
    <subfield code="t">Un proyecto bien fundamentado --</subfield>
    <subfield code="t">Las claves del proyecto --</subfield>
    <subfield code="t">El proyecto todos juntos en el nuevo sistema curricular --</subfield>
    <subfield code="t">Los instrumentos del nuevo sistema curricular --</subfield>
    <subfield code="t">Las competencias e indicadores de logro para las ciencias sociales en el segundo curso del nivel primario --</subfield>
    <subfield code="t">Secuencia de contenidos del primer ciclo del nivel primario --</subfield>
    <subfield code="t">Materiales para el estudiante --</subfield>
    <subfield code="t">Materiales para el docente --</subfield>
    <subfield code="t">El libro de texto del alumno --</subfield>
    <subfield code="t">Los proyectos de investigaci&#xF3;n --</subfield>
    <subfield code="t">El cuaderno de fichas de actividades --</subfield>
    <subfield code="t">La gu&#xED;a did&#xE1;ctica --</subfield>
    <subfield code="t">El libromedia --</subfield>
    <subfield code="t">Mapa de contenidos /</subfield>
    <subfield code="r">Ana Iris Almonte Ysiano</subfield>
  </datafield>
  <datafield tag="505" ind1="0" ind2=" ">
    <subfield code="g">v. 3</subfield>
    <subfield code="t">Mi familia y yo --</subfield>
    <subfield code="t">Mi casa y mi calle --</subfield>
    <subfield code="t">La escuela --</subfield>
    <subfield code="t">Mi comunidad --</subfield>
    <subfield code="t">Mis necesidades b&#xE1;sicas --</subfield>
    <subfield code="t">El tiempo y el espacio --</subfield>
    <subfield code="t">El espacio cultural --</subfield>
    <subfield code="t">Mi pa&#xED;s /</subfield>
    <subfield code="r">Fanny Capell&#xE1;n Almonte --</subfield>
  </datafield>
  <datafield tag="650" ind1=" " ind2="4">
    <subfield code="a">CIENCIAS SOCIALES</subfield>
    <subfield code="x">ENSE&#xD1;ANZA B&#xC1;SICA</subfield>
  </datafield>
  <datafield tag="650" ind1=" " ind2="4">
    <subfield code="a">CIENCIAS SOCIALES</subfield>
    <subfield code="x">EDUCACI&#xD3;N PRIMARIA</subfield>
  </datafield>
  <datafield tag="650" ind1=" " ind2=" ">
    <subfield code="a">EDUCACI&#xD3;N PRIMARIA</subfield>
    <subfield code="z">REP&#xDA;BLICA DOMINICANA</subfield>
  </datafield>
  <datafield tag="650" ind1=" " ind2=" ">
    <subfield code="a">CIENCIAS SOCIALES</subfield>
    <subfield code="x">LIBROS DE TEXTO</subfield>
  </datafield>
  <datafield tag="650" ind1=" " ind2=" ">
    <subfield code="a">CIENCIAS SOCIALES</subfield>
    <subfield code="x">ESTUDIOS Y EJERCICIOS</subfield>
  </datafield>
  <datafield tag="700" ind1="1" ind2="2">
    <subfield code="a">Llibre, Claudia</subfield>
    <subfield code="e">ed.</subfield>
  </datafield>
  <datafield tag="700" ind1="1" ind2="2">
    <subfield code="a">N&#xFA;&#xF1;ez, Ruddy</subfield>
    <subfield code="e">il.</subfield>
  </datafield>
  <datafield tag="830" ind1=" " ind2="0">
    <subfield code="a">Proyecto todos juntos</subfield>
  </datafield>
  <datafield tag="910" ind1=" " ind2=" ">
    <subfield code="a">Validado. Control de calidad MFF</subfield>
  </datafield>
  <datafield tag="942" ind1=" " ind2=" ">
    <subfield code="2">ddc</subfield>
    <subfield code="c">BK</subfield>
  </datafield>
  <datafield tag="945" ind1=" " ind2=" ">
    <subfield code="a">Remanejada para la BNPHU  2018 / BT</subfield>
  </datafield>
  <datafield tag="952" ind1=" " ind2=" ">
    <subfield code="0">0</subfield>
    <subfield code="1">0</subfield>
    <subfield code="2">ddc</subfield>
    <subfield code="4">0</subfield>
    <subfield code="7">0</subfield>
    <subfield code="a">BPMET</subfield>
    <subfield code="b">BPMET</subfield>
    <subfield code="d">2016-04-15</subfield>
    <subfield code="e">Donaci&#xF3;n</subfield>
    <subfield code="l">0</subfield>
    <subfield code="o">372.83    C238c    1ro.    2014   v.1</subfield>
    <subfield code="p">BPMSU16040484</subfield>
    <subfield code="r">2016-04-15</subfield>
    <subfield code="w">2016-04-15</subfield>
    <subfield code="y">BK</subfield>
  </datafield>
  <datafield tag="952" ind1=" " ind2=" ">
    <subfield code="0">0</subfield>
    <subfield code="1">0</subfield>
    <subfield code="2">ddc</subfield>
    <subfield code="4">0</subfield>
    <subfield code="7">0</subfield>
    <subfield code="8">ESC</subfield>
    <subfield code="a">BPMET</subfield>
    <subfield code="b">BPMET</subfield>
    <subfield code="d">2016-04-15</subfield>
    <subfield code="e">Donaci&#xF3;n</subfield>
    <subfield code="l">0</subfield>
    <subfield code="o">372.83    C238c    1ro.    2014   v.1</subfield>
    <subfield code="p">BPMSU16040485</subfield>
    <subfield code="r">2016-04-15</subfield>
    <subfield code="t"> ej. 2</subfield>
    <subfield code="w">2016-04-15</subfield>
    <subfield code="y">BK</subfield>
  </datafield>
  <datafield tag="952" ind1=" " ind2=" ">
    <subfield code="0">0</subfield>
    <subfield code="1">0</subfield>
    <subfield code="2">ddc</subfield>
    <subfield code="4">0</subfield>
    <subfield code="7">0</subfield>
    <subfield code="8">ESC</subfield>
    <subfield code="a">BPMET</subfield>
    <subfield code="b">BPMET</subfield>
    <subfield code="d">2016-04-15</subfield>
    <subfield code="e">Donaci&#xF3;n</subfield>
    <subfield code="l">0</subfield>
    <subfield code="o">372.83    C238c    1ro.    2014   v. 2  Gu&#xED;a</subfield>
    <subfield code="p">BPMSU16040486</subfield>
    <subfield code="r">2016-04-15</subfield>
    <subfield code="w">2016-04-15</subfield>
    <subfield code="y">BK</subfield>
  </datafield>
  <datafield tag="956" ind1=" " ind2=" ">
    <subfield code="a">YLOCKWARD</subfield>
    <subfield code="b">10</subfield>
  </datafield>
  <datafield tag="999" ind1=" " ind2=" ">
    <subfield code="c">7902</subfield>
    <subfield code="d">7902</subfield>
  </datafield>
</record>
